000 00904nam a2200277Ia 4500
003 OSt
005 20220918171404.0
006 a|||||r|||| 00| 0
007 ta
008 220917b |||||||| |||| 00| 0 eng d
020 _a9781606230022 (pbk)
_c1645.34
024 _a243,014
037 _b09-08242, 16/12/2009, Atlantic Publisher & Dist.Pvt.Ltd.
_cTextual
040 _aARTS
_cARTS
_beng
041 _2eng
_aeng
082 _aT2:4,7, P9
100 _aWaterman Jill
_936262
245 0 _aHelping at-risk students
_b Group counseling approach for grades 6-9
250 _a2nd
260 _aNew York
_bThe Guilford Press USA
_c2009
300 _axiv,272p.
_ccm.
650 _aEDUCATION
700 _a Walker Elizabeth
_936263
942 _hT2:4,7, P9
_cTEXL
_2CC
999 _c139336
_d139336